00752 2200229 4500001002100000005001700021008004100038035002400079040001200103082001400115084001900129100002100148245010000169260005500269300003900324500005900363504002500422650002400447700002100471850001200492990001800504INLIS00000000002275220160916131311.0  0010-091600000000524 aYOPDYOG 223a628.3 aSK 628.3 Okt P aOKTAVIANUS HUNGU aLaporan kerja praktek pengelolaan sampah padat pasar beringharjo Yogyakartac/ Oktavianus Hungu aYogyakartabSekolah Tinggi Teknik Lingkunganc1997 avii, 38 lembarb: ilus.c; 29,5 cm aLaporan kerja praktek sekolah tinggi teknik lingkungan aBibliografi: hlm. 38 aLimbah, pengelolaan aELUIS Widiastuti aYOPDYOG a45753-pd/a.12